Central Library OPAC University of Rajshahi

An anthology of humorous verse / (Record no. 22284)

MARC details
000 -LEADER
fixed length control field 00753cam a22002531 4500
001 - CONTROL NUMBER
control field 22284
003 - CONTROL NUMBER IDENTIFIER
rucl marc code BD-RjUL
005 - DATE AND TIME OF LATEST TRANSACTION
control field 20211209000805.0
008 - FIXED-LENGTH DATA ELEMENTS--GENERAL INFORMATION
fixed length control field 120308s1902 enk 000 0 eng
035 ## - SYSTEM CONTROL NUMBER
System control number (BD-RjUL)22349
System control number (OCoLC)5182436
040 ## - CATALOGING SOURCE
Original cataloging agency DLC
Transcribing agency InNd
Modifying agency InNd
-- DLC
-- BD-RjUL
Language of cataloging eng
041 ## - LANGUAGE CODE
Language code of text/sound track or separate title eng
082 00 - DEWEY DECIMAL CLASSIFICATION NUMBER
Edition number 19
Classification number 827
Author mark and year ANT 1906
245 13 - TITLE STATEMENT
Title An anthology of humorous verse /
Statement of responsibility, etc. edited by Theodore A. Cook.
260 ## - PUBLICATION, DISTRIBUTION, ETC. (IMPRINT)
Place of publication, distribution, etc. London :
Name of publisher, distributor, etc. H. Virtue & comp, limited,
Date of publication, distribution, etc. 1906.
300 ## - PHYSICAL DESCRIPTION
Pagination xxxix, 343, [1] p. :
Illustrations front. ;
Size 17 cm.
490 0# - SERIES STATEMENT
Series statement The Turner house classics
650 #0 - SUBJECT ADDED ENTRY--TOPICAL TERM
Topical term or geographic name as entry element Humorous poetry, English.
9 (RLIN) 64259
700 1# - ADDED ENTRY--PERSONAL NAME
Personal name Cook, Theodore Andrea,
942 ## - ADDED ENTRY ELEMENTS (KOHA)
Source of classification or shelving scheme Dewey Decimal Classification
Koha item type Books
Holdings
Lost status Source of classification or shelving scheme Damaged status Not for loan Collection code Permanent Location Current Location Shelving location Date acquired Source of acquisition Total Checkouts Full call number Date last seen Copy number Koha item type
  Dewey Decimal Classification   Added to bundle Fiction Central Library, University of Rajshahi Central Library, University of Rajshahi Reading Room 17/01/1963 A. H. Quarasi   827 ANT 1906 08/03/2014 C-1 Books